[Event "Escom IM-B"]
[Site "Budapest"]
[Date "1991.??.??"]
[Round "5"]
[White "Vujosevic, Vladimir"]
[Black "Bordas, Gyula"]
[Result "1/2-1/2"]
[WhiteElo "2380"]
[BlackElo "2310"]

1.e4 c5 2.Nf3 d6 3.Bb5+ Bd7 4.Bxd7+ Qxd7 5.c4 e6 6.Nc3 a6 7.d4 cxd4 8.Nxd4 Nf6
9.O-O Be7 10.Qe2 Nc6 11.Be3 Rc8 12.f3 O-O 13.Rfd1 Qc7 14.b3 b5 15.Rac1 bxc4
16.Qxc4 Qb7 17.Qe2 Nxd4 18.Bxd4 Rc6 19.Qd2 Rfc8 20.Ne2 Rxc1 21.Rxc1 Rxc1+
22.Qxc1 Bd8 23.Qc4 d5 24.exd5 Nxd5 25.Nc3 Nxc3 26.Qxc3 Qd5 27.Qc5 Qb7 28.b4 Be7
29.Qe5 Bf6 30.Qd6 Bxd4+ 31.Qxd4 g6 32.Qc4 Qb5 33.Qc8+ Kg7 34.Qc3+ Kg8 35.Kf2 h5
36.a3 Kf8 37.h4 Ke7 38.Qb3 Kd6 39.a4 Qd5 40.Qb2 Qc4 41.Qf6 Qxb4 42.Qxf7 Qxh4+
43.Kg1 Qe1+ 44.Kh2 Qh4+ 45.Kg1 Qxa4 46.Qxg6 Qd4+ 47.Kh1 h4 48.Qe8 Qc4 49.Qd8+ Kc6
50.Qc8+ Kd5 51.Qd7+ Kc5 52.Qe7+ Kb5 53.Qb7+ Ka4 54.Qb2 a5 55.Kh2 Qf4+ 56.Kh1 e5
57.Qa2+ Kb4 58.Qb2+ Kc5 59.Qc3+ Kb5 60.Qb3+ Kc5 61.Qc3+ Kb6 62.Qb3+ Ka7 63.Qb5 a4
64.Qa5+ Kb7 65.Qb5+ Kc7 66.Qc5+ Kd7 67.Qd5+ Ke7 68.Qc5+ Kf7 69.Qd5+ Kg7 70.Qd7+ Kg6
71.Qe6+ Kh5 72.Qe8+ Kg5 73.Qe7+ Qf6 74.Qb4 Qf4 75.Qe7+ Kh6 76.Qe6+ Kg5 77.Qe7+  1/2-1/2

[Event "Autoteam"]
[Site "Budapest"]
[Date "1991.??.??"]
[Round "5"]
[White "Fette, Martin"]
[Black "Zagrebelny, Sergey"]
[Result "1/2-1/2"]
[WhiteElo "2380"]
[BlackElo "2450"]

1.e4 c5 2.Nf3 d6 3.Bb5+ Bd7 4.Bxd7+ Nxd7 5.O-O Ngf6 6.Qe2 e6 7.b3 Be7 8.Bb2 O-O
9.c4 Re8 10.Nc3 Ne5 11.Rad1 Qb6 12.Nxe5 dxe5 13.f4 exf4 14.e5 Nd7 15.Rxf4 f5
16.exf6 Bxf6 17.Na4 Qd6 18.Rdf1 Bxb2 19.Nxb2 e5 20.Rf7 Nf6 21.Rxb7 Qc6 22.Rb5 a6
23.Ra5 Qb6 24.Ra4 Qd6 25.Nd1 Rf8 26.Nc3 Qd4+ 27.Qe3 Qh4 28.h3 a5 29.Qf2 Qh6
30.Qe3 Qh4 31.Qf2 Qh6  1/2-1/2

[Event "Budapest IM"]
[Site "Budapest"]
[Date "1991.??.??"]
[Round "6"]
[White "Kostic, Vladimir"]
[Black "Fransson, Peter"]
[Result "1-0"]
[WhiteElo "2375"]
[BlackElo "2250"]

1.e4 c5 2.Nf3 d6 3.Bb5+ Bd7 4.Bxd7+ Nxd7 5.O-O Ngf6 6.Re1 Rc8 7.d3 e6 8.b3 Be7
9.Bb2 O-O 10.Nbd2 Ne8 11.d4 cxd4 12.Nxd4 Bf6 13.N2f3 a6 14.a4 Qa5 15.c4 g6
16.Ba3 Ne5 17.Rc1 Qb6 18.Nxe5 Bxe5 19.Nf3 f6 20.Nxe5 fxe5 21.Re3 Rf4 22.g3 Rf6
23.Rcc3 Rc7 24.c5 dxc5 25.Qd8 Rxf2 26.Bxc5 Rf1+ 27.Kg2 Rf2+ 28.Kh3 Qc6 29.Be7 Qxc3
30.Qxe8+ Kg7 31.Rxc3 Rxc3 32.Bc5 Rf7 33.Bd6  1-0

[Event "Escom IM-A"]
[Site "Budapest"]
[Date "1991.??.??"]
[Round "6"]
[White "Petronic, Jovan"]
[Black "Zakic, Srdjan"]
[Result "1/2-1/2"]
[WhiteElo "2355"]
[BlackElo "2350"]

1.e4 c5 2.Nf3 d6 3.Bb5+ Bd7 4.Bxd7+ Nxd7 5.O-O Ngf6 6.Re1 e6 7.c4 Ne5 8.d3 Be7
9.Nc3 O-O 10.Nxe5 dxe5 11.Re3  1/2-1/2

[Event "Spring op"]
[Site "Budapest"]
[Date "1991.??.??"]
[Round "6"]
[White "Madl, Ildiko"]
[Black "Raud, Rainer"]
[Result "1/2-1/2"]
[WhiteElo "2380"]
[BlackElo "2385"]

1.e4 c5 2.Nf3 d6 3.Bb5+ Bd7 4.Bxd7+ Nxd7 5.O-O Ngf6 6.Re1 e6 7.b3 Be7 8.Bb2 O-O
9.c4 a6 10.d4 cxd4 11.Nxd4 Qa5 12.Nc3 Rfc8 13.Rc1 g6 14.Rc2 e5 15.Nf3 b5
16.Nd2 Nc5 17.Qf3 Ne6 18.Nd5 Nxd5 19.exd5 Ng7 20.c5 f5 21.Qe2 Nh5 22.g3 Nf6
23.Rec1 Qd8 24.cxd6 Rxc2 25.Rxc2 Qxd6 26.Bxe5 Qxd5 27.Bb2 Qd7 28.Nf3 Ne4
29.Nd2 Nf6  1/2-1/2

[Event "Autoteam"]
[Site "Budapest"]
[Date "1991.??.??"]
[Round "7"]
[White "Fette, Martin"]
[Black "Loginov, Valery A"]
[Result "1/2-1/2"]
[WhiteElo "2380"]
[BlackElo "2540"]

1.e4 c5 2.Nf3 d6 3.Bb5+ Bd7 4.Bxd7+ Qxd7 5.O-O e6 6.c3 Nf6 7.Qe2 Nc6 8.d4 cxd4
9.cxd4 d5 10.e5 Ne4 11.Be3 Be7 12.Ne1 f6 13.f3 Ng5 14.Nd3 O-O 15.Qd2 Nf7
16.f4 Nh6 17.Nc3 Nf5 18.Ne2 Rf7 19.Bf2 fxe5 20.dxe5 h5 21.Rac1 Kh8 22.Ng3 Nxg3
23.Bxg3 Rf5 24.Bf2 Raf8 25.h3 d4 26.g4 R5f7 27.Qe2 Nb4 28.Nxb4 Bxb4 29.f5 hxg4
30.hxg4 Qd5 31.Qc4 Qf3 32.Qxd4 Bd2 33.Rc4 b5 34.Qe4 Qh3 35.Rd4 exf5 36.Qg2 Qxg2+
37.Kxg2 Ba5 38.g5 f4 39.Kf3 Rf5 40.Rd7 Rxe5 41.Rxa7 Bd2 42.g6 Be3 43.Rf7 Kg8
44.Rxf8+ Kxf8 45.Bxe3 fxe3 46.Ke2+ Ke8 47.Rf7 Rg5 48.Rxg7 Rg2+ 49.Kxe3 Rxb2
50.Ra7 Kf8 51.Kd3 b4 52.Kc4 Kg8 53.Kd4 Rg2 54.Kc4  1/2-1/2

[Event "Schneider mem op"]
[Site "Budapest"]
[Date "1991.??.??"]
[Round "9"]
[White "Lenz, Alarich"]
[Black "Shalnev, Nicolai"]
[Result "1/2-1/2"]
[WhiteElo "2245"]
[BlackElo "2335"]

1.e4 c5 2.Nf3 d6 3.Bb5+ Nd7 4.O-O a6 5.Bxd7+ Bxd7 6.h3 e5 7.c3 Nf6 8.Re1 Be7
9.d4 Qc7 10.Nbd2 cxd4 11.cxd4 O-O 12.a4 b5 13.dxe5 dxe5 14.b3 bxa4 15.bxa4 Rfb8
16.Ba3 Bxa3 17.Rxa3 Rb4 18.Qa1 Re8 19.Ree3  1/2-1/2

[Event "Budapest IM"]
[Site "Budapest"]
[Date "1991.??.??"]
[Round "11"]
[White "Kostic, Vladimir"]
[Black "Koch, Thomas"]
[Result "1-0"]
[WhiteElo "2375"]
[BlackElo "2335"]

1.Nf3 c5 2.e4 d6 3.Bb5+ Bd7 4.Bxd7+ Qxd7 5.O-O Nc6 6.c3 Nf6 7.Re1 e6 8.d4 cxd4
9.cxd4 d5 10.e5 Ne4 11.Be3 Be7 12.Re2 O-O 13.Ne1 f6 14.f3 Ng5 15.Qd2 h6 16.exf6 Bxf6
17.Nc3 Nf7 18.Bf2 Nd6 19.Rd1 Bg5 20.Qd3 Nf5 21.Nc2 Rae8 22.Rde1 Re7 23.g3 Bf6
24.Kg2 Qe8 25.Rd1 Qg6 26.Kh1 Kh7 27.Ree1 Nd6 28.Qxg6+ Kxg6 29.Ne2 Kf7 30.Nf4 Rc8
31.Re2 a5 32.g4 Nd8 33.Nd3 Rec7 34.Na3 Rc6 35.Bg3 Rb6 36.Bxd6 Rxd6 37.Nb5 Rdc6
38.Rdd2 Rb8 39.a4 Ke7 40.f4 b6 41.Rd1 Kd7 42.g5 hxg5 43.fxg5 Bxg5 44.Ne5+ Ke7
45.Nxc6+ Nxc6 46.Rde1 Nd8 47.Nc7 Kd7 48.Nxe6 Nxe6 49.Rxe6 Bf6 50.R6e3 Rh8
51.Rb3 Bxd4 52.Rd1 Rh4 53.Rbd3 Bxb2 54.Rxd5+ Kc6 55.Rd6+ Kc5 56.R6d2 Bf6
57.Rc2+ Kb4 58.Rb1+ Ka3 59.Rxb6 Rxa4 60.Rb5 Ba1 61.Rcc5 Bd4 62.Rd5  1-0

[Event "Budapest"]
[Site "Budapest"]
[Date "1991.??.??"]
[Round "12"]
[White "Somlai, Laszlo"]
[Black "Novikov, Igor A"]
[Result "1/2-1/2"]
[WhiteElo "2385"]
[BlackElo "2545"]

1.e4 c5 2.Nf3 d6 3.Bb5+ Bd7 4.Bxd7+ Nxd7 5.O-O Ngf6 6.Qe2 e6 7.b3 Be7 8.Bb2 O-O
9.c4 e5 10.Nc3 Ne8 11.Nd5 Nc7 12.Nxc7 Qxc7 13.d3 a6  1/2-1/2

[Event "Buenos Aires Konex"]
[Site "Buenos Aires"]
[Date "1991.??.??"]
[Round "5"]
[White "Campora, Daniel H"]
[Black "Lida, Fidel Ernesto"]
[Result "1-0"]
[WhiteElo "2515"]
[BlackElo "2250"]

1.e4 c5 2.Nf3 d6 3.Bb5+ Bd7 4.Bxd7+ Qxd7 5.O-O Nc6 6.c3 Nf6 7.Re1 e6 8.d4 cxd4
9.cxd4 d5 10.e5 Ne4 11.Re2 Rc8 12.Be3 Be7 13.Ne1 f6 14.f3 Ng5 15.Nd3 b6 16.Nd2 fxe5
17.dxe5 O-O 18.f4 Nf7 19.Nf3 Nh6 20.h3 Nb4 21.g4 Rc4 22.Nxb4 Bxb4 23.Rc1 Rxc1
24.Qxc1 Qb5 25.Nd4 Qd3 26.Qc2 Qxc2 27.Nxc2 Bc5 28.Rf2 Nf7 29.Bd4 Rc8 30.b4 Bf8
31.Kg2 Rc4 32.a3 Nd8 33.Bb2 a5 34.bxa5 bxa5 35.f5 h5 36.Kg3 hxg4 37.hxg4 Bc5
38.Re2 Kf7 39.Kf3 Nc6 40.Ne3 Bxe3 41.Rxe3 a4 42.Re2 d4 43.Ke4 d3+ 44.Kxd3 Rxg4
45.f6 gxf6 46.exf6 Nb8 47.Rc2 Rg3+ 48.Ke4 Rg4+ 49.Kf3 Rg8 50.Rc7+ Kg6 51.Ke4 Rd8
52.Rg7+ Kh6 53.Ke5 Na6 54.Kxe6 Nc5+ 55.Ke7 Rd7+ 56.Ke8 Rd1 57.Re7 Rd6 58.f7 Ne6
59.Rxe6+  1-0

[Event "GEBA"]
[Site "Buenos Aires"]
[Date "1991.??.??"]
[Round "11"]
[White "Spangenberg, Hugo"]
[Black "Garbarino, Rodolfo"]
[Result "1/2-1/2"]
[WhiteElo "2220"]
[BlackElo "2375"]

1.e4 c5 2.Nf3 d6 3.Bb5+ Nc6 4.O-O Nf6 5.e5 Ng4 6.Re1 e6 7.Bxc6+ bxc6 8.exd6 Bxd6
9.h3 Nf6 10.d3 a5 11.Nbd2 Ba6 12.Nc4 O-O 13.b3 Nd5 14.Bb2 Re8 15.Nfe5 Qc7
16.a4 Bf8 17.Qd2 f6 18.Ng4 Bc8 19.Bc3 Nxc3 20.Qxc3 e5 21.Re2 Be6 22.Rae1 Bf7
23.Re3 Qd8 24.R1e2 h5 25.Nh2 g6 26.Re1 Qd4 27.Qa1 Qxa1 28.Rxa1 Bxc4 29.dxc4 Rad8
30.Nf1 Bh6 31.Re2 Kf7 32.f3 h4 33.Rae1 Bf4 34.Ne3 Bxe3+  1/2-1/2

[Event "JUG-chT Cetinje"]
[Site "Cetinje"]
[Date "1991.??.??"]
[Round "2"]
[White "Vujosevic, Vladimir"]
[Black "Ilincic, Zlatko"]
[Result "0-1"]
[WhiteElo "2380"]
[BlackElo "2470"]

1.e4 c5 2.Nf3 d6 3.Bb5+ Nd7 4.c3 Nf6 5.Qe2 a6 6.Ba4 b5 7.Bc2 e5 8.O-O Be7
9.d4 O-O 10.Rd1 Qc7 11.d5 c4 12.Nbd2 Nc5 13.b4 cxb3 14.axb3 Bg4 15.h3 Bh5
16.Nf1 Nfxe4 17.Bxe4 f5 18.Bxf5 Rxf5 19.g4 Nxb3 20.Rb1 Qxc3 21.N1h2 Rxf3
22.Qxf3 Nd4 23.Rxd4 Qe1+ 24.Nf1 exd4 25.gxh5 Bg5 26.Qg4 Rf8 27.Bxg5 Qxb1
28.Qxd4 h6 29.Bd2 Qf5 30.Ng3 Qxh3 31.Bc3 Rf7 32.Qb6 Qc8 33.Bb4 Qc2 34.Bxd6 Qd1+
35.Kh2 Qxd5 36.Bc5 Rf6 37.Qa7 Qc6 38.Qb8+ Kh7 39.Qe5 Rf7 40.Bd4 a5 41.Bc5 b4
42.Qe3 Qd5 43.Qc1 b3 44.Qb1+ Kg8 45.Be3 a4 46.Qb2 Rb7  0-1

[Event "JUG-chT Cetinje"]
[Site "Cetinje"]
[Date "1991.??.??"]
[Round "2"]
[White "Ristic, Nenad"]
[Black "Velimirovic, Dragoljub"]
[Result "1/2-1/2"]
[WhiteElo "2365"]
[BlackElo "2520"]

1.e4 c5 2.Nf3 d6 3.Bb5+ Bd7 4.Bxd7+ Qxd7 5.O-O Nc6 6.c3 Nf6 7.d4 Nxe4 8.d5 Nd8
9.Re1 Nf6 10.Bg5 Ng4 11.h3 h6 12.hxg4 hxg5 13.Nxg5 e5 14.dxe6 Nxe6 15.Qf3 Rh6
16.c4 O-O-O 17.Nxe6 fxe6 18.Nc3 Be7 19.g3 Bf6 20.Rad1 Bxc3 21.bxc3 g5 22.Kg2 Qe7
23.Qe4 Rf8 24.Rh1 Rhf6 25.Rdf1 R8f7 26.Rh5 Kc7 27.Rxg5 Rxf2+ 28.Rxf2 Rxf2+
29.Kxf2 Qxg5 30.Qxe6 Qd2+ 31.Qe2 Qxc3 32.Qe7+ Kc6 33.Qe8+ Kc7 34.Qe7+ Kc6
35.Qe8+  1/2-1/2

[Event "JUG-chT Cetinje"]
[Site "Cetinje"]
[Date "1991.??.??"]
[Round "4"]
[White "Marinovic, Bozidar"]
[Black "Dzevlan, Miralem"]
[Result "1/2-1/2"]
[WhiteElo "2355"]
[BlackElo "2405"]

1.e4 c5 2.Nf3 d6 3.Bb5+ Bd7 4.Bxd7+ Nxd7 5.b3 Ngf6 6.Qe2 e6 7.Bb2 Be7 8.O-O O-O
9.c4 a6 10.d4 cxd4 11.Nxd4 Qb6 12.Rd1 Rfe8 13.Nc3 Bf8 14.Rac1 Rad8 15.Nf3 Qa5
16.Re1 Qc7 17.Na4 Ng4 18.h3 Nge5 19.Nxe5 Nxe5 20.Bd4 Nd7 21.Qe3 Qc6 22.Red1 h6
23.Bc3 Be7 24.Qg3 Bf8 25.Qe3 Rc8 26.Bb2 Red8 27.Re1 Qc7 28.Bd4 Nc5 29.Nxc5 dxc5
30.Bc3 Rd7 31.Rcd1 Rcd8 32.Qe2 Qc6 33.Rxd7 Rxd7 34.g3 b5 35.Kg2 b4 36.Be5 Qa8
37.h4 a5 38.f3 Qd8 39.Bf4 Rd3 40.Rb1 Qd4 41.Rb2 e5 42.Bc1 h5 43.Rd2 Rxd2
44.Qxd2 Qa1 45.Qb2 Qxb2+ 46.Bxb2 Bd6 47.Bc1 f6 48.f4 Kf7 49.Kf3 Ke6 50.f5+ Kf7
51.g4 hxg4+ 52.Kxg4 Be7 53.h5 Bd6 54.h6 gxh6 55.Kh5 Bf8 56.Be3 Bd6  1/2-1/2

[Event "POL-ch"]
[Site "Cetniewo"]
[Date "1991.??.??"]
[Round "2"]
[White "Pedzich, Dominik"]
[Black "Kuczynski, Robert"]
[Result "1/2-1/2"]
[WhiteElo "2400"]
[BlackElo "2465"]

1.e4 c5 2.Nf3 d6 3.Bb5+ Nc6 4.O-O Bd7 5.c3 a6 6.Bxc6 Bxc6 7.Re1 Nf6 8.d4 Bxe4
9.Bg5 d5 10.Nbd2 Bg6 11.dxc5 e6 12.Qa4+ Qd7 13.Qd4 Ne4 14.Nxe4 dxe4 15.Qxd7+ Kxd7
16.Ne5+ Ke8 17.b4 Bf5 18.g4 f6 19.gxf5 exf5 20.Bf4 g5 21.Bg3 fxe5  1/2-1/2

[Event "POL-ch"]
[Site "Cetniewo"]
[Date "1991.??.??"]
[Round "6"]
[White "Pedzich, Dominik"]
[Black "Skalik, Przemyslaw"]
[Result "1-0"]
[WhiteElo "2400"]
[BlackElo "2415"]

1.e4 c5 2.Nf3 d6 3.Bb5+ Bd7 4.Bxd7+ Nxd7 5.O-O Ngf6 6.Qe2 g6 7.c3 Bg7 8.d4 Qb6
9.Rd1 cxd4 10.cxd4 d5 11.e5 Ne4 12.Ne1 h6 13.f3 Ng5 14.Nc3 e6 15.Be3 O-O
16.Qb5 Qxb5 17.Nxb5 a6 18.Nd6 f6 19.exf6 Bxf6 20.Rac1 b5 21.Rc7 Nb6 22.b3 Rfd8
23.Nb7 Rd7 24.Rxd7 Nxd7 25.Rc1 Nf7 26.Rc7 Nf8 27.Rc6 Be7 28.Nd3 a5 29.Rc7 Bf6
30.Rc5 a4 31.b4 Rb8 32.Rxb5 Be7 33.Bf4 e5 34.Bxe5 Nxe5 35.Nxe5 Bf6 36.Nd6 Rd8
37.Ndf7 Rc8 38.Nxh6+ Kg7 39.Nhg4 Rc1+ 40.Kf2 Rc2+ 41.Kg3  1-0

[Event "Cheliabinsk-A"]
[Site "Cheliabinsk"]
[Date "1991.??.??"]
[Round "?"]
[White "Nicevski, Risto"]
[Black "Dvoirys, Semen I"]
[Result "0-1"]
[WhiteElo "2345"]
[BlackElo "2525"]

1.e4 c5 2.Nf3 d6 3.Bb5+ Nc6 4.O-O Bd7 5.Re1 Nf6 6.c3 a6 7.Bf1 e5 8.h3 Be7
9.d4 Qc7 10.a3 O-O 11.b4 cxd4 12.cxd4 exd4 13.Nxd4 Nxd4 14.Qxd4 Nxe4 15.Rxe4 Bf6
16.Qxf6 gxf6 17.Rc4 Qd8 18.Bb2 Rc8 19.Rf4 f5 20.Nc3 Be6 21.Rd1 f6 22.g4 fxg4
23.Re1 Qd7 24.hxg4 d5 25.Bg2 d4 26.Ne4 d3  0-1

[Event "Cheliabinsk-A"]
[Site "Cheliabinsk"]
[Date "1991.??.??"]
[Round "?"]
[White "Ulibin, Mikhail"]
[Black "Dvoirys, Semen I"]
[Result "1-0"]
[WhiteElo "2565"]
[BlackElo "2525"]

1.e4 c5 2.Nf3 d6 3.Bb5+ Nc6 4.O-O Bd7 5.c3 Nf6 6.Re1 a6 7.Bxc6 Bxc6 8.d4 Bxe4
9.Bg5 Bc6 10.c4 cxd4 11.Bxf6 gxf6 12.Nxd4 Rg8 13.Nxc6 bxc6 14.Nc3 Bh6 15.Qf3 Kf8
16.Rad1 Qd7 17.h3 Rb8 18.b3 Rg6 19.Ne2 c5 20.Ng3 Kg8 21.Nf5 Bf8 22.g4 Kh8
23.Re4 e6 24.Ng3 Be7 25.Re3 Qb7 26.Qxb7 Rxb7 27.Red3 Rb8 28.Kf1 a5 29.f4 a4
30.f5 Rgg8 31.fxe6 fxe6 32.Re1 axb3 33.axb3 e5 34.Nf5 Rge8 35.Kf2 Bf8 36.Kf3 Rb6
37.Ke4 Ra8 38.Rf1 Ra3 39.Rff3 Kg8 40.Ng3 Be7 41.Kd5 Ra1 42.Ne4 Re1 43.Rfe3 Ra1
44.Rf3 Re1 45.Rfe3 Ra1 46.Ke6 d5+ 47.Kxd5 Ra8 48.Ng3 Rd8+ 49.Ke4 Rd4+ 50.Kf3 Kf7
51.Kf2 Ra6 52.Nf5 Ra2+ 53.Kg3 Rxd3 54.Rxd3 Ra7 55.Kf3 Ke6 56.h4 Ra1 57.Ng7+ Kf7
58.Nf5 h5 59.Nxe7 hxg4+ 60.Kxg4 Kxe7 61.Rd5 Ke6 62.Rxc5 f5+ 63.Kf3 e4+ 64.Ke3 Re1+
65.Kf4 Rd1 66.Ke3 Rd3+ 67.Kf4 Rf3+ 68.Kg5 Rg3+ 69.Kf4 Rg4+ 70.Ke3 Rxh4 71.Kd4 Rh1
72.Re5+ Kf6 73.Re8 Kg5 74.c5 Kf4 75.c6 Rc1 76.Kd5 e3 77.b4 Rd1+ 78.Kc5 Kf3
79.b5 Rc1+ 80.Kd6 e2 81.b6 Rd1+ 82.Kc5 Rc1+ 83.Kb5 e1=Q 84.Rxe1 Rxe1 85.b7 Rc1
86.Kb6 f4 87.c7  1-0

[Event "Cheliabinsk-A"]
[Site "Cheliabinsk"]
[Date "1991.??.??"]
[Round "?"]
[White "Ulibin, Mikhail"]
[Black "Ionov, Sergey"]
[Result "1/2-1/2"]
[WhiteElo "2565"]
[BlackElo "2510"]

1.e4 c5 2.Nf3 d6 3.Bb5+ Bd7 4.Bxd7+ Qxd7 5.O-O Nf6 6.Re1 Nc6 7.d4 cxd4 8.Nxd4 e6
9.c4 Be7 10.Nc3 O-O 11.Be3 Rfd8 12.Qe2 Nxd4 13.Bxd4 Qc6 14.Nd5 exd5 15.exd5 Qa6
16.Qxe7 Re8 17.Qc7 Rec8 18.Qe7 Re8  1/2-1/2

[Event "Cheliabinsk-A"]
[Site "Cheliabinsk"]
[Date "1991.??.??"]
[Round "?"]
[White "Ulibin, Mikhail"]
[Black "Sherbakov, Ruslan"]
[Result "1-0"]
[WhiteElo "2565"]
[BlackElo "2525"]

1.e4 c5 2.Nf3 d6 3.Bb5+ Bd7 4.Bxd7+ Nxd7 5.O-O Ngf6 6.Qe2 e6 7.b3 Be7 8.Bb2 O-O
9.c4 a6 10.d4 cxd4 11.Nxd4 Qb6 12.Kh1 Rfe8 13.f4 g6 14.Nf3 Bf8 15.Nc3 Bg7
16.e5 dxe5 17.fxe5 Ng4 18.Ne4 Ngxe5 19.Nxe5 Nxe5 20.Nf6+ Bxf6 21.Rxf6 Nd7
22.Qf3 Qc6 23.Rxf7 Qxf3 24.Rxf3 Rf8 25.Rd1 Nc5 26.Ba3 Rac8 27.Rxf8+ Kxf8
28.Rd6 Kf7 29.Rb6 Kf6 30.Kg1 Ne4 31.Rxb7 Ke5 32.Bb2+ Kf4 33.Bd4 Nd6 34.Rxh7 Nf5
35.Bb6 Rc6 36.Bc7+ e5 37.Rd7 Ke4 38.Bd8 Nd4 39.Be7 Kd3 40.Rd5 Re6 41.Bc5 Rf6
42.h3 Ke4 43.Rd6 Ne2+ 44.Kh2 Rxd6 45.Bxd6 Nc3 46.Bb4 Nxa2 47.Bd2 Kd3 48.c5 Kxd2
49.c6 e4 50.c7 e3 51.c8=Q e2 52.Qd7+ Kc2 53.Qe7 Nc1 54.Kg3 Kd2 55.Qb4+ Kd1
56.Qd4+ Kc2 57.Kf2 Kxb3 58.Qd2 e1=Q+ 59.Kxe1  1-0

[Event "Cheliabinsk-B"]
[Site "Cheliabinsk"]
[Date "1991.??.??"]
[Round "?"]
[White "Yuneev, Alexey"]
[Black "Panchenko, Alexander N"]
[Result "1/2-1/2"]
[WhiteElo "2400"]
[BlackElo "2445"]

1.e4 c5 2.Nf3 d6 3.Bb5+ Bd7 4.Bxd7+ Nxd7 5.O-O Ngf6 6.Nc3 e6 7.d4 cxd4 8.Nxd4 a6
9.a4 Be7 10.Be3 O-O 11.Qe2  1/2-1/2

[Event "Cheliabinsk-A"]
[Site "Cheliabinsk"]
[Date "1991.??.??"]
[Round "?"]
[White "Nicevski, Risto"]
[Black "Magomedov, Magaram"]
[Result "1-0"]
[WhiteElo "2345"]
[BlackElo "2475"]

1.e4 c5 2.Nf3 d6 3.Bb5+ Nd7 4.d4 Nf6 5.O-O a6 6.Bxd7+ Nxd7 7.c4 e6 8.d5 e5
9.a4 Be7 10.Nc3 O-O 11.Qc2 Nf6 12.Ne1 Nh5 13.Nd3 f5 14.f4 exf4 15.Bxf4 fxe4
16.Nxe4 Bf5 17.Qe2 Qd7 18.Rae1 Bg4 19.Qd2 Rac8 20.b4 cxb4 21.Qxb4 Bh4 22.Bxd6 Bxe1
23.Rxe1 a5 24.Qb6 Qxa4 25.Bxf8 Rxf8 26.Ne5 Bc8 27.Nd6 Nf4 28.Nxc8 Qc2 29.Ne7+ Kh8
30.Nf7+  1-0

[Event "ITA-ch"]
[Site "Chianciano Terme"]
[Date "1991.??.??"]
[Round "?"]
[White "Rossi, Carlo"]
[Black "Marinelli, Tullio"]
[Result "1-0"]
[WhiteElo "2315"]
[BlackElo "2365"]

1.e4 c5 2.Nf3 d6 3.Bb5+ Bd7 4.Bxd7+ Nxd7 5.O-O Ngf6 6.Re1 e6 7.d3 Be7 8.Nbd2 O-O
9.h3 b5 10.Nf1 Qb6 11.Ng3 a5 12.a4 bxa4 13.Rxa4 Qc6 14.Ra3 Rfb8 15.Nd2 Bf8
16.Nc4 Rb5 17.Bd2 a4 18.Qa1 d5 19.exd5 exd5 20.Ne3 Rbb8 21.c4 Nb6 22.cxd5 Nbxd5
23.Nc4 Nb4 24.Qd1 Rd8 25.Ne5 Qb5 26.Bg5 Nbd5 27.Ne4 Qxb2 28.Bxf6 Qxa3 29.Bxd8 Rxd8
30.Qf3 f6 31.Qg4 Re8 32.Nxf6+  1-0

[Event "Cordoba op"]
[Site "Cordoba"]
[Date "1991.??.??"]
[Round "?"]
[White "Strikovic, Aleksa"]
[Black "Guerra Bastida, Diego"]
[Result "1-0"]
[WhiteElo "2495"]
[BlackElo "2325"]

1.e4 c5 2.Nf3 d6 3.Bb5+ Nd7 4.O-O Nf6 5.Re1 a6 6.Bf1 g6 7.c3 Bg7 8.d4 O-O
9.Bg5 h6 10.Bh4 g5 11.Bg3 Nh5 12.Nbd2 Nxg3 13.hxg3 b5 14.a4 bxa4 15.Qxa4 a5
16.d5 Nb6 17.Qc2 e6 18.dxe6 Bxe6 19.Bb5 Qc7 20.c4 f5 21.exf5 Bxf5 22.Ne4 Kh8
23.Qd2 Bh7 24.Re2 Rad8 25.Nc3 Qf7 26.Nd5 Nxd5 27.cxd5 Rb8 28.Rxa5 Qc7 29.b3 g4
30.Nh4 Bd4 31.Qa2 Rxb5 32.Rxb5 Bd3 33.Ra5 c4 34.Ra8 Rxa8 35.Qxa8+ Kg7 36.bxc4 Bxe2
37.Nf5+ Kh7 38.Nxd4 Qxc4 39.Ne6 Qc1+ 40.Kh2 Qc3 41.Qb7+ Kg8 42.Qb8+ Kh7 43.Qxd6 Qf6
44.Qd7+ Kg8 45.Qe8+  1-0

[Event "CZE-ch"]
[Site "CSR"]
[Date "1991.??.??"]
[Round "11"]
[White "Michalek, Jan"]
[Black "Hausner, Ivan"]
[Result "0-1"]
[WhiteElo "2320"]
[BlackElo "2440"]

1.e4 c5 2.Nf3 d6 3.Bb5+ Nd7 4.d4 Nf6 5.O-O cxd4 6.Qxd4 g6 7.e5 dxe5 8.Qxe5 Bg7
9.Re1 a6 10.Bxd7+ Bxd7 11.Bg5 O-O 12.Qxe7 Qxe7 13.Rxe7 Bc6 14.Nc3 Rfe8 15.Rxe8+ Rxe8
16.Re1 Bxf3 17.Rxe8+ Nxe8 18.gxf3 Bxc3 19.bxc3 f6 20.Bf4 Kf7 21.c4 Ke6 22.Kf1 Nd6
23.Bxd6 Kxd6 24.Ke2 Kc5 25.Kd3 Kb4 26.Kd4 a5 27.c5 a4 28.f4 Ka3 29.c4 Kxa2
30.Kc3 g5 31.fxg5 fxg5 32.f3 h6  0-1

[Event "DEN-chB"]
[Site "DEN"]
[Date "1991.??.??"]
[Round "6"]
[White "Thuesen, Mogens"]
[Black "Olesen, Martin"]
[Result "0-1"]
[WhiteElo "2250"]
[BlackElo "2250"]

1.e4 c5 2.Nf3 d6 3.Bb5+ Bd7 4.Bxd7+ Qxd7 5.O-O Nc6 6.c3 Nf6 7.d4 cxd4 8.cxd4 d5
9.e5 Ne4 10.Ne1 f6 11.f3 Ng5 12.Nc2 Nf7 13.f4 e6 14.Be3 Be7 15.Nc3 O-O 16.Kh1 Rac8
17.Qe2 a6 18.Rae1 fxe5 19.dxe5 g5 20.Qh5 gxf4 21.Bxf4 Nh8 22.Rd1 Ng6 23.Qg4 Kh8
24.Nxd5 Ncxe5 25.Nxe7 Qxe7 26.Bxe5+ Nxe5 27.Qd4 Qg7 28.h3 Ng6 29.Qxg7+ Kxg7
30.Rd7+ Kh6 31.Rxf8 Nxf8 32.Rd2 Kg5 33.Nd4 Kf4 34.Kh2 e5 35.Nf3 e4 36.Ng1 Ke3
37.Re2+ Kd3 38.Kg3 Rc1 39.Rf2 Ne6 40.Ne2 Rc2 41.Rf6 Kxe2 42.Rxe6 e3 43.Re7 Rxb2
44.Rxh7 Kf1 45.Re7 Rxg2+  0-1

[Event "Dortmund op"]
[Site "Dortmund"]
[Date "1991.??.??"]
[Round "6"]
[White "Georg, Heinz"]
[Black "Rechmann, Peter"]
[Result "1/2-1/2"]
[WhiteElo "2230"]
[BlackElo "2355"]

1.e4 c5 2.Nf3 d6 3.Bb5+ Bd7 4.Bxd7+ Qxd7 5.O-O Nc6 6.c3 Nf6 7.Re1 e6 8.d4 cxd4
9.cxd4 d5 10.e5 Ne4 11.Nbd2 Bb4 12.Nxe4 dxe4 13.Rxe4 O-O-O 14.Bg5 Be7 15.Bxe7 Nxe7
16.Qb3 Kb8 17.Rd1 h6 18.h3 Rc8  1/2-1/2

[Event "NLD-ch sf"]
[Site "Enschede"]
[Date "1991.??.??"]
[Round "9"]
[White "Cifuentes Parada, Roberto"]
[Black "Knoppert, Erik G J"]
[Result "1-0"]
[WhiteElo "2510"]
[BlackElo "2325"]

1.Nf3 d6 2.e4 c5 3.Bb5+ Bd7 4.Bxd7+ Qxd7 5.O-O Nc6 6.c3 Nf6 7.Qe2 e5 8.Rd1 Be7
9.d4 cxd4 10.cxd4 exd4 11.Nxd4 Nxd4 12.Rxd4 O-O 13.Nc3 Rfe8 14.Bf4 Qc6 15.Rad1 Rad8
16.h3 h6 17.Qd3 a6 18.Rc1 Nh5 19.Be3 Bf6 20.Nd5 Bxd4 21.Rxc6 bxc6 22.Nc7 Bxe3
23.Nxe8 Bxf2+ 24.Kxf2 Rxe8 25.Qxa6  1-0

[Event "Forli op"]
[Site "Forli"]
[Date "1991.??.??"]
[Round "4"]
[White "Motwani, Paul"]
[Black "Ortega, Lexy"]
[Result "1-0"]
[WhiteElo "2425"]
[BlackElo "2415"]

1.e4 c5 2.Nf3 d6 3.Bb5+ Nd7 4.d4 Nf6 5.Nc3 cxd4 6.Qxd4 g6 7.Bg5 Bg7 8.O-O-O h6
9.Bxf6 Bxf6 10.e5 Bg7 11.Qe3 O-O 12.exd6 e6 13.h4 a6 14.Bxd7 Bxd7 15.Ne5 Bc6
16.f4 h5 17.Rhg1 Qxh4 18.g4 Rad8 19.gxh5 Qxh5 20.Rg5 Qh2 21.Rd2 Qh4 22.Rg4 Qh6
23.Qg3 Bxe5 24.fxe5 Rd7 25.Rh4 Qg7 26.Rdh2 f6 27.Qh3 Bg2 28.Rxg2  1-0

[Event "FRA-chT"]
[Site "FRA"]
[Date "1991.??.??"]
[Round "?"]
[White "Hauchard, Arnaud"]
[Black "Renet, Olivier"]
[Result "1/2-1/2"]
[WhiteElo "2420"]
[BlackElo "2470"]

1.e4 c5 2.Nf3 d6 3.Bb5+ Bd7 4.Bxd7+ Nxd7 5.O-O Ngf6 6.Re1 e6 7.d4 cxd4 8.Qxd4 Qb6
9.Qxb6 Nxb6 10.Be3 Nfd7 11.Nbd2 Rc8 12.Rec1 d5 13.Bd4 f6 14.exd5 Nxd5 15.c4 Nb4
16.a3 Nc6 17.Be3 a5  1/2-1/2

[Event "FRA-chT"]
[Site "FRA"]
[Date "1991.??.??"]
[Round "?"]
[White "Belkhodja, Slim"]
[Black "Schabanel, Stephane"]
[Result "1/2-1/2"]
[WhiteElo "2365"]
[BlackElo "2090"]

1.e4 c5 2.Nf3 d6 3.Bb5+ Bd7 4.Bxd7+ Nxd7 5.c4 Ngf6 6.Nc3 e6 7.O-O Be7 8.d4 cxd4
9.Nxd4 O-O 10.b3 Nc5 11.Qe2 Re8 12.Bb2 Qb6 13.Kh1 Rad8 14.f4 d5 15.e5 Nfe4
16.cxd5 Nxc3 17.Bxc3 Rxd5 18.f5 exf5 19.Nxf5 Qg6 20.Qc4 Qe6 21.Rac1 Red8
22.h3 Bf8 23.Nd6 Bxd6 24.exd6 Qxd6 25.Bb4 b6 26.Bxc5 bxc5  1/2-1/2

[Event "FRA-chT"]
[Site "FRA"]
[Date "1991.??.??"]
[Round "?"]
[White "Belkhodja, Slim"]
[Black "Haik, Aldo"]
[Result "1/2-1/2"]
[WhiteElo "2365"]
[BlackElo "2435"]

1.e4 c5 2.Nf3 d6 3.Bb5+ Bd7 4.Bxd7+ Qxd7 5.c4 e5 6.O-O Nc6 7.d3 g6 8.Ne1 Bg7
9.Nc3 Nge7 10.f4 exf4 11.Bxf4 O-O 12.Nc2 f5 13.Qd2 Rf7 14.Bh6 Bxh6 15.Qxh6 Raf8
16.Qh3 Ne5 17.Ne3 f4 18.Qxd7 Nxd7 19.Ng4 Kg7 20.Nb5 Nc8 21.Rad1 Ne5 22.Nxe5 dxe5
23.g3 fxg3 24.Rxf7+ Kxf7 25.hxg3 Ke6 26.Kg2 h5 27.a3 a6 28.Nc3 Ne7 29.b4 cxb4
30.axb4 Nc6 31.Nd5 Nd4  1/2-1/2

[Event "Troll Masters"]
[Site "Gausdal"]
[Date "1991.??.??"]
[Round "5"]
[White "Martin, Andrew D"]
[Black "Aarland, Stein Arild"]
[Result "1-0"]
[WhiteElo "2430"]
[BlackElo "2240"]

1.Nf3 c5 2.e4 d6 3.Bb5+ Nd7 4.d4 cxd4 5.Qxd4 Nf6 6.Nc3 g6 7.Bg5 Bg7 8.e5 dxe5
9.Nxe5 O-O 10.O-O-O Qa5 11.Nc4 Qc7 12.Rhe1 Nb6 13.Bf4 Ne8 14.Bxc7 Bxd4 15.Bxb6 Bxc3
16.bxc3 axb6 17.Nxb6 Ra5 18.Bd7 Nd6 19.Rxe7 Bxd7 20.Nxd7 Nf5 21.Re5 Rfa8
22.Rxa5 Rxa5 23.Rd5 Rxa2 24.g4 Ne7 25.Re5 Nc6 26.Re8+ Kg7 27.g5 Ra1+ 28.Kb2 Ra5
29.h4 h6 30.f4 hxg5 31.hxg5 Rd5 32.Nf6 Rd8 33.Re4 Kf8 34.Kb3 Rc8 35.c4 Nb8
36.Ka4 Na6 37.Nd7+ Kg7 38.Kb5 Nc7+ 39.Kb6 Ne6 40.Ne5 Rd8 41.Nd3 Rd7 42.c5 Nd8
43.Re8 f6 44.Rxd8 Rxd8 45.Kxb7 fxg5 46.fxg5  1-0